Slova žen /

Hlavní autor: Cuny, Marie-Thérèse
Další autoři: Girardot, Annie, 1931-2011
Jazyk: Čeština
Vydáno: Praha : Svoboda, 1987
Vydání: 1. vyd.
Externí odkaz: Digitalizovaný dokument
Fyzický popis: 242 s. ; 21 cm
Knihy
Uloženo v:
LEADER 01212nam a22003372a 4500
001 000833160
003 CZ BrMZK
005 20140303114756.0
007 ta
008 061121s1987 xr er 000 0 cze d
015 |a cnb000035905 
035 |a (OCoLC)39426172 
040 |a ABA001  |b cze  |d ABA001  |d BOA001 
041 1 |a cze  |h fre 
080 9 |a 840-32 
100 1 |a Cuny, Marie-Thérèse  |7 xx0018222  |4 aut 
245 1 0 |a Slova žen /  |c Marie-Thérèse Cunyová, Annie Girardotová ; přeložila Anna Kareninová-Fureková 
250 |a 1. vyd. 
260 |a Praha :  |b Svoboda,  |c 1987 
300 |a 242 s. ;  |c 21 cm 
500 |a Přeloženo z francouzštiny 
500 |a 60000 výt. 
700 1 |a Girardot, Annie,  |d 1931-2011  |7 jn20000601825  |4 aut 
765 0 |t Paroles de femmes  |9 Česky 
856 4 1 |u https://www.digitalniknihovna.cz/mzk/uuid/uuid:d2633160-a364-11e3-b833-005056827e52  |y Digitalizovaný dokument  |x NDK 
910 |a BOA001  |b 2-0927.917 
990 |a BK 
995 |a 01 
991 |b 200611 
996 7 |b 2610587235  |c 2-0927.917  |l MZK  |r Sklad / do 1 hodiny  |n 0  |p dar  |w 000833160  |u 000020  |a 1  |e BOA001  |j MZK50  |s A 
996 6 |b 2619299095  |c 2-0927.917  |l MZK  |r Sklad / do 1 hodiny  |n 2  |w 000833160  |u 000010  |a 1  |e BOA001  |j MZK50  |s P